Digital Protection (Record no. 177333)

MARC details
000 -LEADER
fixed length control field 00447nam a2200193Ia 4500
008 - FIXED-LENGTH DATA ELEMENTS--GENERAL INFORMATION
fixed length control field 240823s9999||||xx |||||||||||||| ||und||
020 ## - INTERNATIONAL STANDARD BOOK NUMBER
International Standard Book Number 81-224-1053-7
082 ## - DEWEY DECIMAL CLASSIFICATION NUMBER
-- 621.381537 P6
100 ## - MAIN ENTRY--PERSONAL NAME
Personal name Singh L P
245 #0 - TITLE STATEMENT
Title Digital Protection
250 ## - EDITION STATEMENT
Edition statement 2nd
260 ## - PUBLICATION, DISTRIBUTION, ETC. (IMPRINT)
Date of publication, distribution, etc 2006
Name of publisher, distributor, etc "New Age ,New "
Place of publication, distribution, etc New Delhi
500 ## - GENERAL NOTE
General note YES
650 ## - SUBJECT ADDED ENTRY--TOPICAL TERM
Topical term or geographic name as entry element Relay
942 ## - ADDED ENTRY ELEMENTS (KOHA)
Item type Books
Holdings
Withdrawn status Lost status Damaged status Permanent location Current location Date acquired Source of acquisition Cost, normal purchase price Full call number Barcode Date last seen Koha item type
      CENTRAL LIBRARY, NOORUL ISLAM CENTRE FOR HIGHER EDUCATION CENTRAL LIBRARY, NOORUL ISLAM CENTRE FOR HIGHER EDUCATION 08/13/2007 Global Book Syndicate 300.00 621.381537 P6 30866 08/23/2024 Books
Visitors:
Copyright © 2024 Central Library NICHE.  All rights reserved.